Визуальный уровень представления алгоритмов функционирования распределённых систем реального времени на языке структурного моделирования; Известия Томского политехнического университета [Известия ТПУ]; Т. 314, № 5: Управление, вычислительная техника и информатика
| Parent link: | Известия Томского политехнического университета [Известия ТПУ]/ Томский политехнический университет (ТПУ).— , 2000- Т. 314, № 5: Управление, вычислительная техника и информатика.— 2009.— [С. 140-146] |
|---|---|
| Hlavní autor: | |
| Shrnutí: | Заглавие с титульного листа Электронная версия печатной публикации Предлагается развитие концепции модульной технологии проектирования распределённых систем реального времени в направлении разработки средств автоматизации процессов эволюции моделей систем. Вводится понятие языка структурного моделирования (языка SML) и соответствующей технологии структурного моделирования (SML-технологии). Инструментальные средства SML-технологии разрабатываются в соответствии с правилами семантической среды функционирования систем, представленными в базе знаний и определяющими область возможных эволюций моделей. Разработан визуальный уровень представления исходных моделей систем в форме графа потока данных на языке SML. Предложен ряд механизмов доопределения моделей по обновлению данных и доступу к ресурсам, которые дают представление о характере операций, выполняемых инструментальными средствами SML-технологии в процессе эволюции моделей. |
| Jazyk: | ruština |
| Vydáno: |
2009
|
| Edice: | Управление, вычислительная техника и информатика |
| Témata: | |
| On-line přístup: | http://www.lib.tpu.ru/fulltext/v/Bulletin_TPU/2009/v314/i5/30.pdf |
| Médium: | Elektronický zdroj Kapitola |
| KOHA link: | https://koha.lib.tpu.ru/cgi-bin/koha/opac-detail.pl?biblionumber=175720 |
MARC
| LEADER | 00000nla2a2200000 4500 | ||
|---|---|---|---|
| 001 | 175720 | ||
| 005 | 20231031165137.0 | ||
| 035 | |a (RuTPU)RU\TPU\book\190514 | ||
| 035 | |a RU\TPU\book\190449 | ||
| 090 | |a 175720 | ||
| 100 | |a 20100216d2009 k y0rusy50 ca | ||
| 101 | 0 | |a rus | |
| 102 | |a RU | ||
| 135 | |a drnn ---uucaa | ||
| 181 | 0 | |a i | |
| 182 | 0 | |a b | |
| 200 | 1 | |a Визуальный уровень представления алгоритмов функционирования распределённых систем реального времени на языке структурного моделирования |b Электронный ресурс |f В. К. Погребной | |
| 203 | |a Текст |c электронный | ||
| 215 | |a 1 файл (557 Кб) | ||
| 225 | 1 | |a Управление, вычислительная техника и информатика | |
| 230 | |a Электронные текстовые данные (1 файл : 557 Кб) | ||
| 300 | |a Заглавие с титульного листа | ||
| 300 | |a Электронная версия печатной публикации | ||
| 320 | |a [Библиогр.: с. 146 (4 назв.)] | ||
| 330 | |a Предлагается развитие концепции модульной технологии проектирования распределённых систем реального времени в направлении разработки средств автоматизации процессов эволюции моделей систем. Вводится понятие языка структурного моделирования (языка SML) и соответствующей технологии структурного моделирования (SML-технологии). Инструментальные средства SML-технологии разрабатываются в соответствии с правилами семантической среды функционирования систем, представленными в базе знаний и определяющими область возможных эволюций моделей. Разработан визуальный уровень представления исходных моделей систем в форме графа потока данных на языке SML. Предложен ряд механизмов доопределения моделей по обновлению данных и доступу к ресурсам, которые дают представление о характере операций, выполняемых инструментальными средствами SML-технологии в процессе эволюции моделей. | ||
| 337 | |a Adobe Reader | ||
| 461 | 1 | |0 (RuTPU)RU\TPU\book\176237 |t Известия Томского политехнического университета [Известия ТПУ] |f Томский политехнический университет (ТПУ) |d 2000- | |
| 463 | 1 | |0 (RuTPU)RU\TPU\book\190282 |x 1684-8519 |t Т. 314, № 5: Управление, вычислительная техника и информатика |v [С. 140-146] |d 2009 |p 263 с. | |
| 610 | 1 | |a системы реального времени | |
| 610 | 1 | |a модульные структуры | |
| 610 | 1 | |a граф потока данных | |
| 610 | 1 | |a структурное моделирование | |
| 610 | 1 | |a эволюционное проектирование | |
| 610 | 1 | |a язык SML | |
| 610 | 1 | |a SML-технология | |
| 610 | 1 | |a труды учёных ТПУ | |
| 610 | 1 | |a электронный ресурс | |
| 700 | 1 | |a Погребной |b В. К. |c российский ученый |c профессор кафедры информатики и проектирования систем Томского политехнического университета |f 1942- |g Владимир Кириллович |2 stltpush |3 (RuTPU)RU\TPU\pers\19853 | |
| 801 | 1 | |a RU |b 63413507 |c 20090623 |g PSBO | |
| 801 | 2 | |a RU |b 63413507 |c 20211214 |g PSBO | |
| 856 | 4 | |u http://www.lib.tpu.ru/fulltext/v/Bulletin_TPU/2009/v314/i5/30.pdf | |
| 942 | |c CF | ||